[Event "Cairo Africa zt 4.2 (Women)"]
[Site "Cairo"]
[Date "2014.11.29"]
[Round "7"]
[White "Elgohary, Myada"]
[Black "Wafa, Shahenda"]
[Result "0-1"]
[WhiteElo "1753"]
[BlackElo "1906"]
[PlyCount "76"]
[EventDate "2014.11.22"]
[EventType "tourn"]
[EventRounds "7"]
[EventCountry "EGY"]
[SourceTitle "CBM 163 Extra"]
[Source "ChessBase"]
[SourceDate "2014.12.23"]
[SourceVersion "1"]
[SourceVersionDate "2014.12.23"]
[SourceQuality "1"]

1. e4 c5 2. Nf3 Nc6 3. Bb5 g6 4. 0-0 Bg7 5. c3 d5 6. exd5 Qxd5 7. h3 e5 8. Re1 Nge7 9. Qe2 0-0 10. Bc4 Qd6 11. a4 Nd5 12. d3 Nb6 13. Bb3 Bf5 14. Bc2 Rad8 15. Rd1 Rfe8 16. Nh4 Be6 17. Nd2 Qe7 18. Nhf3 h6 19. a5 Nd5 20. Nc4 Nf4 21. Bxf4 exf4 22. Qe4 Qc7 23. Re1 Kf8 24. Nce5 Bf5 25. Qxf4 Nxe5 26. Nxe5 Rxe5 27. Rxe5 Qxe5 28. Qf3 Qd5 29. Qg3 c4 30. dxc4 Qc5 31. Ba4 Qe7 32. f3 Qe3+ 33. Kh1 Be5 34. Qh4 Rd2 35. Re1 Qf4 36. Qxf4 Bxf4 37. Re8+ Kg7 38. b4 Ra2 0-1

[Event "Cairo zt 4.2 (Women)"]
[Site "Cairo"]
[Date "2013.05.06"]
[Round "6"]
[White "Moaataz, Ayah"]
[Black "Elgohary, Myada"]
[Result "1-0"]
[WhiteElo "1915"]
[BlackElo "1774"]
[PlyCount "41"]
[EventDate "2013.04.30"]
[EventType "tourn"]
[EventRounds "7"]
[EventCountry "EGY"]
[SourceTitle "CBM 154 Extra"]
[Source "ChessBase"]
[SourceDate "2013.06.25"]
[SourceVersion "2"]
[SourceVersionDate "2013.06.25"]
[SourceQuality "1"]

1. c4 Nf6 2. Nc3 b6 3. Nf3 Bb7 4. g3 e6 5. Bg2 Be7 6. 0-0 0-0 7. d4 Ne4 8. Qd3 f5 9. b3 Bf6 10. Bb2 d6 11. Nd2 d5 12. e3 Nd7 13. cxd5 Nxc3 14. Bxc3 g6 15. dxe6 Bxg2 16. Kxg2 Ne5 17. Qe2 Qd5+ 18. e4 fxe4 19. dxe5 e3+ 20. Qf3 Qd8 21. exf6 1-0

[Event "African Games (Women) 10th"]
[Site "Maputo"]
[Date "2011.09.05"]
[Round "1.2"]
[White "Latreche, Sabrina"]
[Black "Elgohary, Myada"]
[Result "1-0"]
[WhiteElo "1985"]
[BlackElo "1775"]
[PlyCount "71"]
[EventDate "2011.09.05"]
[EventType "team-tourn"]
[EventRounds "7"]
[EventCountry "MOZ"]
[SourceTitle "CBM 144 Extra"]
[Source "ChessBase"]
[SourceDate "2011.10.28"]
[SourceVersion "1"]
[SourceVersionDate "2011.10.28"]
[SourceQuality "1"]
[WhiteTeam "Algeria (W)"]
[BlackTeam "Egypt (W)"]
[WhiteTeamCountry "ALG"]
[BlackTeamCountry "EGY"]

1. e4 d5 2. exd5 Nf6 3. Nf3 Nxd5 4. d4 g6 5. c4 Nf6 6. Nc3 Bg7 7. Be2 0-0 8. 0-0 c6 9. Be3 Bg4 10. Ne5 Bxe2 11. Qxe2 Nbd7 12. Rad1 Qc7 13. f4 Rfd8 14. Qf3 Ne8 15. Nxd7 Rxd7 16. f5 e6 17. fxe6 fxe6 18. Qg4 e5 19. dxe5 Rxd1 20. Rxd1 Qxe5 21. Bd4 Qe7 22. Bxg7 Nxg7 23. Rf1 Re8 24. h3 Qc5+ 25. Kh1 Nf5 26. Qg5 Qe5 27. Rf4 Rf8 28. Kh2 Qc7 29. Ne4 Ne3 30. Nf6+ Kg7 31. Kh1 Nxc4 32. Nh5+ Kg8 33. Rxf8+ Kxf8 34. Qh6+ Ke8 35. Nf6+ Ke7 36. Qg7+ 1-0

[Event "Cairo Elnokhba 2 (Women)"]
[Site "Cairo"]
[Date "2011.07.30"]
[Round "8"]
[White "Elgohary, Myada"]
[Black "Elansary, Eman"]
[Result "0-1"]
[WhiteElo "1745"]
[BlackElo "1821"]
[PlyCount "57"]
[EventDate "2011.07.23"]
[EventType "swiss"]
[EventRounds "9"]
[EventCountry "EGY"]
[SourceTitle "EXT 2019"]
[Source "ChessBase"]
[SourceDate "2018.10.10"]
[SourceVersion "1"]
[SourceVersionDate "2018.10.10"]
[SourceQuality "1"]

1. e4 Nf6 2. e5 Nd5 3. d4 d6 4. c4 Nb6 5. exd6 cxd6 6. d5 g6 7. Qd4 f6 8. Bd3 Bg7 9. Nf3 0-0 10. 0-0 N8d7 11. Nc3 Ne5 12. Nxe5 fxe5 13. Qh4 Bf5 14. Ne4 Bxe4 15. Qxe4 Nd7 16. Qh4 Nc5 17. Bc2 Rc8 18. Re1 Qb6 19. Qxe7 Bf6 20. Qxf8+ Rxf8 21. Be3 Qxb2 22. Bb3 Nxb3 23. Reb1 Qxa1 24. Rxa1 Nxa1 25. c5 dxc5 26. Bxc5 Rc8 27. Be3 Nc2 28. Bd2 Rd8 29. g3 0-1

[Event "Cairo Elnokhba 2 (Women)"]
[Site "Cairo"]
[Date "2011.07.23"]
[Round "1"]
[White "Elgohary, Myada"]
[Black "Abdel Moniem, Amany"]
[Result "1-0"]
[WhiteElo "1745"]
[BlackElo "1821"]
[PlyCount "61"]
[EventDate "2011.07.23"]
[EventType "swiss"]
[EventRounds "9"]
[EventCountry "EGY"]
[SourceTitle "EXT 2019"]
[Source "ChessBase"]
[SourceDate "2018.10.10"]
[SourceVersion "1"]
[SourceVersionDate "2018.10.10"]
[SourceQuality "1"]

1. e4 e6 2. b3 Nc6 3. Bb2 d5 4. exd5 exd5 5. Nf3 f6 6. Bb5 Bd7 7. 0-0 Bd6 8. Nc3 a6 9. Bxc6 bxc6 10. Nh4 Ne7 11. Qh5+ g6 12. Qh6 Kf7 13. Rfe1 Nf5 14. Nxf5 Bxf5 15. Ne2 Bf8 16. Qh4 Bg7 17. c4 Qd6 18. Rac1 Rae8 19. c5 Qd8 20. Qa4 Qa8 21. Qf4 Qc8 22. Nd4 Bd7 23. Nf3 Bf5 24. g4 Rxe1+ 25. Rxe1 Bxg4 26. Ng5+ Kg8 27. Re7 Bf5 28. Qe3 Kf8 29. Rf7+ Kg8 30. Qe7 Bf8 31. Rg7+ 1-0

[Event "Cairo Elnokhba (Women)"]
[Site "Cairo"]
[Date "2011.04.11"]
[Round "2"]
[White "Mahmoud, Maha"]
[Black "Elgohary, Myada"]
[Result "0-1"]
[WhiteElo "1787"]
[BlackElo "1743"]
[PlyCount "34"]
[EventDate "2011.04.10"]
[EventType "swiss"]
[EventRounds "9"]
[EventCountry "EGY"]
[SourceTitle "EXT 2012"]
[Source "ChessBase"]
[SourceDate "2011.11.24"]
[SourceVersion "1"]
[SourceVersionDate "2011.11.24"]
[SourceQuality "1"]

1. e4 d5 2. Nc3 d4 3. Nce2 e5 4. Nf3 Bd6 5. Ng3 c5 6. Bb5+ Bd7 7. Bxd7+ Nxd7 8. Nf5 Qf6 9. d3 h6 10. 0-0 Ne7 11. Nxd6+ Qxd6 12. Nd2 0-0 13. Nc4 Qg6 14. f4 f5 15. Rf3 fxe4 16. Rg3 Qf6 17. fxe5 Qf2+ 0-1

[Event "Africa-ch (Women)"]
[Site "Tripoli"]
[Date "2009.07.30"]
[Round "9"]
[White "Solomons, Anzel"]
[Black "Elgohary, Myada"]
[Result "1-0"]
[WhiteElo "1932"]
[BlackElo "1683"]
[PlyCount "85"]
[EventDate "2009.07.21"]
[EventType "swiss"]
[EventRounds "9"]
[EventCountry "LBY"]
[SourceTitle "CBM 131 Extra"]
[Source "ChessBase"]
[SourceDate "2009.09.03"]
[SourceVersion "2"]
[SourceVersionDate "2009.09.16"]
[SourceQuality "1"]

1. d4 Nf6 2. c4 g6 3. Nc3 Bg7 4. e4 d6 5. Be2 0-0 6. Nf3 e5 7. 0-0 c6 8. Re1 Nbd7 9. dxe5 dxe5 10. h3 Nc5 11. Qxd8 Rxd8 12. Bf1 Be6 13. Nxe5 Ncxe4 14. Nxe4 Nxe4 15. Rxe4 Rd1 16. Nf3 Rad8 17. Bg5 Rxa1 18. Bxd8 Rxa2 19. Nd4 Rxb2 20. Nxe6 fxe6 21. Rxe6 Kf8 22. Bf6 Bxf6 23. Rxf6+ Ke7 24. Rf3 Rb1 25. g3 a5 26. Ra3 b6 27. c5 bxc5 28. Rxa5 Kd6 29. Kg2 Kd5 30. Be2 Kd4 31. Ra6 c4 32. Rxc6 c3 33. Rc4+ Kd5 34. Rxc3 Rb2 35. Bf3+ Ke5 36. Rc1 h5 37. Rc5+ Kf6 38. Be4 Rb4 39. Rc6+ Kg7 40. Bxg6 Rb5 41. f4 Rb2+ 42. Rc2 Rb6 43. Bxh5 1-0

[Event "Africa-ch (Women)"]
[Site "Tripoli"]
[Date "2009.07.24"]
[Round "4"]
[White "Elgohary, Myada"]
[Black "Matoussi, Amina"]
[Result "0-1"]
[WhiteElo "1683"]
[BlackElo "1755"]
[PlyCount "93"]
[EventDate "2009.07.21"]
[EventType "swiss"]
[EventRounds "9"]
[EventCountry "LBY"]
[SourceTitle "CBM 131 Extra"]
[Source "ChessBase"]
[SourceDate "2009.09.03"]
[SourceVersion "2"]
[SourceVersionDate "2009.09.16"]
[SourceQuality "1"]

1. e4 d6 2. d4 Nf6 3. Nc3 g6 4. f4 Bg7 5. Nf3 0-0 6. e5 dxe5 7. fxe5 Nd5 8. h4 Bg4 9. Be2 Nxc3 10. bxc3 Nc6 11. Qd2 Qd5 12. Bd3 f6 13. Qe2 Qd7 14. Bc4+ Kh8 15. Bf4 Bxf3 16. gxf3 fxe5 17. Bxe5 Nxe5 18. dxe5 Qf5 19. h5 g5 20. 0-0-0 Bxe5 21. Rd5 Qf4+ 22. Kb2 Bd6 23. Rg1 h6 24. Qd3 Qxf3 25. Qd4+ Qf6 26. Qe4 Qg7 27. Bd3 Rf4 28. Rdxg5 hxg5 29. h6 Qxh6 30. Qxb7 Raf8 31. Rh1 Rh4 32. Rg1 Bc5 33. Re1 Qb6+ 34. Qxb6 axb6 35. Re6 g4 36. Re4 Bd6 37. Bc4 Rf4 38. Rxf4 Bxf4 39. Bd5 g3 40. a4 Rh2 41. c4 g2 42. Bxg2 Rxg2 43. Kb3 e5 44. c5 bxc5 45. a5 c4+ 46. Kxc4 Rxc2+ 47. Kd3 0-1